LIBRARY & INFORMATION CENTRE, KCAET, TAVANUR

ONLINE PUBLIC ACCESS CATALOGUE (OPAC)

Soil Conservation Management and Analysis (Record no. 14462)

MARC details
000 -LEADER
fixed length control field 00316nam a22001217a 4500
020 ## - INTERNATIONAL STANDARD BOOK NUMBER
ISBN 9788170358282
082 ## - DEWEY DECIMAL CLASSIFICATION NUMBER
Classification number 631.450954
Item number RAO/SO
100 ## - MAIN ENTRY--AUTHOR NAME
Personal name Rao,Madireddi V. Subba
245 ## - TITLE STATEMENT
Title Soil Conservation Management and Analysis
260 ## - PUBLICATION, DISTRIBUTION, ETC. (IMPRINT)
Place of publication New Delhi
Name of publisher Daya Publishing House
Year of publication 2014
300 ## - PHYSICAL DESCRIPTION
Number of Pages 118
942 ## - ADDED ENTRY ELEMENTS (KOHA)
Koha item type Books
Holdings
Withdrawn status Lost status Damaged status Collection code Home library Current library Shelving location Date acquired Source of acquisition Cost, normal purchase price Full call number Accession Number Koha item type
        KAUAET KAUAET General Stacks 05/07/2016 Universal Research Books, Thrissur 795.00 631.450954 RAO/SO 24931 Books
        KAUAET KAUAET General Stacks 16/07/2016 Ganesh Book Centre, Trivandrum 795.00 631.450954 RAO/SO 24604 Books
free website counter